The mind and art of Giovanni Battista Piranesi / (Record no. 5845)

MARC details
000 -LEADER
fixed length control field 01194cam a2200349 i 4500
001 - CONTROL NUMBER
control field 4614485
003 - CONTROL NUMBER IDENTIFIER
control field OSt
005 - DATE AND TIME OF LATEST TRANSACTION
control field 20260429152721.0
008 - FIXED-LENGTH DATA ELEMENTS--GENERAL INFORMATION
fixed length control field 780718s1978 enka b 001 0 eng
010 ## - LIBRARY OF CONGRESS CONTROL NUMBER
LC control number 77092272
015 ## - NATIONAL BIBLIOGRAPHY NUMBER
National bibliography number GB***
020 ## - INTERNATIONAL STANDARD BOOK NUMBER
International Standard Book Number 0500274770
Terms of availability $39.95
035 ## - SYSTEM CONTROL NUMBER
System control number 4614485
040 ## - CATALOGING SOURCE
Original cataloging agency DLC
Transcribing agency Foundation University
043 ## - GEOGRAPHIC AREA CODE
Geographic area code e-it---
050 00 - LIBRARY OF CONGRESS CALL NUMBER
Classification number N6923.P495
Item number W54 1978
100 1# - MAIN ENTRY--PERSONAL NAME
Personal name Wilton-Ely, John.
9 (RLIN) 15174
245 14 - TITLE STATEMENT
Title The mind and art of Giovanni Battista Piranesi /
Statement of responsibility, etc. John Wilton-Ely.
260 ## - PUBLICATION, DISTRIBUTION, ETC.
Place of publication, distribution, etc. London :
Name of publisher, distributor, etc. Thames and Hudson,
Date of publication, distribution, etc. c1978.
264 ## - PRODUCTION, PUBLICATION, DISTRIBUTION, MANUFACTURE, AND COPYRIGHT NOTICE
Copyright Date 1978
300 ## - PHYSICAL DESCRIPTION
Extent 304 p. :
Other physical details ill. ;
Dimensions 32 cm.
Materials specified books
Type of unit books
336 ## - CONTENT TYPE
Content type term text
Content type code txt
Source rdacontent
Materials specified books
337 ## - MEDIA TYPE
Media type term unmediated
Media type code n
Source rdamedia
Materials specified books
338 ## - CARRIER TYPE
Carrier type term volume
Carrier type code nc
Source rdacarrier
Materials specified books
500 ## - GENERAL NOTE
General note Includes index.
504 ## - BIBLIOGRAPHY, ETC. NOTE
Bibliography, etc. note Bibliography: p. 298-300.
600 10 - SUBJECT ADDED ENTRY--PERSONAL NAME
Personal name Piranesi, Giovanni Battista,
Dates associated with a name 1720-1778.
9 (RLIN) 15175
650 #0 - SUBJECT ADDED ENTRY--TOPICAL TERM
Topical term or geographic name entry element Neoclassicism (Art)
Geographic subdivision Italy.
9 (RLIN) 15791
906 ## - LOCAL DATA ELEMENT F, LDF (RLIN)
a 7
b cbc
c orignew
d 2
e opcn
f 19
g y-gencatlg
942 ## - ADDED ENTRY ELEMENTS (KOHA)
Source of classification or shelving scheme Library of Congress Classification
Koha item type Books
Classification part N 6923.P495
Item part .1978 W54
Call number prefix (DAFA-FA)
Holdings
Withdrawn status Lost status Source of classification or shelving scheme Damaged status Not for loan Collection code Home library Current library Shelving location Date acquired Source of acquisition Total Checkouts Full call number Barcode Date last seen Price effective from Koha item type Accession Number
    Library of Congress Classification     Non-fiction Foundation University Library Foundation University Library DoArchitecture & Fine Arts 04/29/2026 Donations   (DAFA-FA) N 6923.P495 .1978 W54 0192026003369 04/29/2026 04/29/2026 Books DAFA-2026369